MARC details
| 000 -LEADER |
| fixed length control field |
05005cam a2200493Ii 4500 |
| 001 - CONTROL NUMBER |
| control field |
1012115679 |
| 003 - CONTROL NUMBER IDENTIFIER |
| control field |
OCoLC |
| 005 - DATE AND TIME OF LATEST TRANSACTION |
| control field |
20241126110731.0 |
| 008 - FIXED-LENGTH DATA ELEMENTS--GENERAL INFORMATION |
| fixed length control field |
171117t20172017mnu b 001 0 eng d |
| 020 ## - INTERNATIONAL STANDARD BOOK NUMBER |
| International Standard Book Number |
9781506433363 |
| Qualifying information |
(hardback) |
| 020 ## - INTERNATIONAL STANDARD BOOK NUMBER |
| International Standard Book Number |
1506433367 |
| Qualifying information |
(hardback) |
| 035 ## - SYSTEM CONTROL NUMBER |
| System control number |
(OCoLC)1012115679 |
| Canceled/invalid control number |
(OCoLC)1001262113 |
| 040 ## - CATALOGING SOURCE |
| Original cataloging agency |
PLT |
| Language of cataloging |
eng |
| Description conventions |
rda |
| Transcribing agency |
PLT |
| Modifying agency |
MR4 |
| -- |
BDX |
| -- |
OCLCO |
| -- |
PTS |
| -- |
OCLCF |
| -- |
LNT |
| -- |
DTM |
| -- |
UAB |
| -- |
YDX |
| -- |
LTS |
| 041 1# - |
| -- |
eng |
| -- |
ger |
| 050 #4 - |
| -- |
BX4827.B57 |
| -- |
A5 2017 |
| 082 04 - DEWEY DECIMAL CLASSIFICATION NUMBER |
| Classification number |
252.041 |
| Edition information |
23 |
| Item number |
BON |
| 100 1# - MAIN ENTRY--PERSONAL NAME |
| Personal name |
Bonhoeffer, Dietrich, |
| Dates associated with a name |
1906-1945, |
| Authority record control number or standard number |
https://id.loc.gov/authorities/names/n78092900 |
| Relator term |
author. |
| 9 (RLIN) |
486 |
| 240 10 - |
| -- |
Sermons. |
| -- |
Selections. |
| -- |
English |
| -- |
https://id.loc.gov/authorities/names/n2005043887 |
| 245 14 - TITLE STATEMENT |
| Title |
The collected sermons of Dietrich Bonhoeffer. |
| Name of part/section of a work |
Volume two / |
| Statement of responsibility, etc. |
translated from the German by Claudia D. Bergmann, Isabel Best, Lisa E. Dahill, Scott A. Moore, Mary C. Nebelsick, Anne Schmidt-Lange, Douglas W. Stott ; with introductions by Victoria J. Barnett. |
| 264 #1 - PRODUCTION, PUBLICATION, DISTRIBUTION, MANUFACTURE, AND COPYRIGHT NOTICE |
| Place of production, publication, distribution, manufacture |
Minneapolis, MN : |
| Name of producer, publisher, distributor, manufacturer |
Fortress Press, |
| Date of production, publication, distribution, manufacture, or copyright notice |
[2017] |
| 264 #4 - PRODUCTION, PUBLICATION, DISTRIBUTION, MANUFACTURE, AND COPYRIGHT NOTICE |
| Date of production, publication, distribution, manufacture, or copyright notice |
℗♭2017. |
| 300 ## - PHYSICAL DESCRIPTION |
| Extent |
xvi, 253 pages ; |
| Dimensions |
23 cm |
| 336 ## - CONTENT TYPE |
| Content type term |
text |
| Content type code |
txt |
| Source |
rdacontent |
| 337 ## - MEDIA TYPE |
| Media type term |
unmediated |
| Media type code |
n |
| Source |
rdamedia |
| 338 ## - CARRIER TYPE |
| Carrier type term |
volume |
| Carrier type code |
nc |
| Source |
rdacarrier |
| 504 ## - BIBLIOGRAPHY, ETC. NOTE |
| Bibliography, etc. note |
Includes bibliographical references (pages 239-242) and indexes. |
| 505 0# - FORMATTED CONTENTS NOTE |
| Formatted contents note |
Editor's Introduction; A Sermon for His Contemporaries (1926) James 1:21-25 ; Seeing the World through the Eyes of Christ (1927) Luke 9:51-56 ; Saying Yes to Grace (1928) Romans 11:6 ; The Soul's Silence before God (1928) Pslam 62:2 (1) ; The Human Yearning for God (1928) Matthew 5:8 ; The Peace of God (1929) Philippians 4:7 ; At the Turning Point: Waiting for God (1931) Luke 12:35-40 ; Following Christ through the World to the Cross (1932) Luke 4:5-8 ; Staying Grounded in Turbulent Times (1932) 2 Chronicles 20:12; Two Messages to Berlin Students (1932) John 8:31-32 ; ". . . In the Eleventh Hour of Our Church" (1932) Revelation 2:45-,7 ; Courage in Uncertain Times (1932) Daniel 10:1, 8, 16-19 ; Of Priests and Prophets in the New Germany (1933) Exodus 32:1-8, 15-16, 18-20, 30-35 ; God's Call to Prophetic Witness (1934) Jeremiah 20:7 ; Sing to the Lord a New Song (1934) Psalm 98:1 ; The Human Encounter with God's Mysteries (1934) I corinthians 2:7-10 ; When God's Path Crosses Ours (Proverbs 16:9 ; Calling Forth the New Church: Preaching Psalm 42 (1932) Psalm 42 ; Approaching the Day in Faith: Morning Devotions (1935) ; Standing Strong in Babylon (1935) Revelation 14:16-13 ; Funeral Service for Julie Bonhoeffer (1936) Psalm 90 ; Preaching the Gospel in an Evil Age (1937) Psalm 58 ; The Peace of God in Affliction (1938) Romans 5:1-5 ; Two Christmas Meditations 1939 and 1940): Meditation on Christmas, December 1930 and Sermon meditation on Isaiah 9:6-7, Christmas 1940 ; Two Prison Meditations (1944): Daily text Meditation for Pentecost 1944, May 28-40 and Daily text meditation for June 7 and 8 1944 ; Two Baptismal Sermons (1932 and 1944): Being Awakened to life (1932). Ephesians 5:14 and Thoughts on the day of baptism of Dietrich Wilhelm R©ơdiger Bethge (May 1944). |
| 520 ## - SUMMARY, ETC. |
| Summary, etc. |
In his preaching, Dietrich Bonhoeffer's strong, personal faith--the foundation for everything he did--shines in the darkness of Hitler's Third Reich and in the church struggle against it. Though not overtly political, Bonhoeffer's deep concern for the developments in his world is revealed in his sermons as he seeks to draw the listener into conversation with the promises and claims of the gospel-a conversation readers today are invited to join. |
| 546 ## - LANGUAGE NOTE |
| Language note |
Sermons translated from the German. |
| 600 10 - SUBJECT ADDED ENTRY--PERSONAL NAME |
| Personal name |
Bonhoeffer, Dietrich, |
| Dates associated with a name |
1906-1945. |
| Authority record control number or standard number |
https://id.loc.gov/authorities/names/n78092900 |
| Form subdivision |
Sermons. |
| Authority record control number or standard number |
https://id.loc.gov/authorities/subjects/sh2002012024 |
| 9 (RLIN) |
18035 |
| 650 #0 - SUBJECT ADDED ENTRY--TOPICAL TERM |
| Topical term or geographic name entry element |
Sermons, German |
| Form subdivision |
Translations into English. |
| Authority record control number or standard number |
https://id.loc.gov/authorities/subjects/sh2008111553 |
| 9 (RLIN) |
18036 |
| 655 #7 - INDEX TERM--GENRE/FORM |
| Genre/form data or focus term |
Sermons. |
| Source of term |
fast |
| Authority record control number or standard number |
https://id.worldcat.org/fast/1423904 |
| 9 (RLIN) |
6402 |
| 655 #7 - INDEX TERM--GENRE/FORM |
| Genre/form data or focus term |
Translations. |
| Source of term |
fast |
| Authority record control number or standard number |
https://id.worldcat.org/fast/1423791 |
| 9 (RLIN) |
18037 |
| 655 #7 - INDEX TERM--GENRE/FORM |
| Genre/form data or focus term |
Sermons. |
| Source of term |
lcgft |
| Authority record control number or standard number |
https://id.loc.gov/authorities/genreForms/gf2015026051 |
| 9 (RLIN) |
6402 |
| 700 1# - ADDED ENTRY--PERSONAL NAME |
| Personal name |
Bergmann, Claudia D., |
| Authority record control number or standard number |
https://id.loc.gov/authorities/names/n2008044524 |
| Relator term |
translator. |
| 9 (RLIN) |
18038 |
| 700 1# - ADDED ENTRY--PERSONAL NAME |
| Personal name |
Best, Isabel, |
| Authority record control number or standard number |
https://id.loc.gov/authorities/names/n2009058250 |
| Relator term |
translator. |
| 9 (RLIN) |
18039 |
| 700 1# - ADDED ENTRY--PERSONAL NAME |
| Personal name |
Dahill, Lisa E., |
| Authority record control number or standard number |
https://id.loc.gov/authorities/names/n2008036489 |
| Relator term |
translator. |
| 9 (RLIN) |
18040 |
| 700 1# - ADDED ENTRY--PERSONAL NAME |
| Personal name |
Moore, Scott A., |
| Authority record control number or standard number |
https://id.loc.gov/authorities/names/no2018156868 |
| Relator term |
translator. |
| 9 (RLIN) |
18041 |
| 700 1# - ADDED ENTRY--PERSONAL NAME |
| Personal name |
Nebelsick, Mary C., |
| Authority record control number or standard number |
https://id.loc.gov/authorities/names/no2018156969 |
| Relator term |
translator. |
| 9 (RLIN) |
18042 |
| 700 1# - ADDED ENTRY--PERSONAL NAME |
| Personal name |
Schmidt-Lange, Anne, |
| Authority record control number or standard number |
https://id.loc.gov/authorities/names/no2018157233 |
| Relator term |
translator. |
| 9 (RLIN) |
18043 |
| 700 1# - ADDED ENTRY--PERSONAL NAME |
| Personal name |
Stott, Douglas W., |
| Authority record control number or standard number |
https://id.loc.gov/authorities/names/n85223907 |
| Relator term |
translator. |
| 9 (RLIN) |
18044 |
| 700 1# - ADDED ENTRY--PERSONAL NAME |
| Personal name |
Barnett, Victoria J., |
| Relator term |
author of introduction, etc. |
| 9 (RLIN) |
18045 |
| 942 ## - ADDED ENTRY ELEMENTS (KOHA) |
| Source of classification or shelving scheme |
Dewey Decimal Classification |
| Koha item type |
Books |
| Koha issues (borrowed), all copies |
1 |